000 00304nam a2200121 a 4500
005 20141022142002.0
008 120307s19uu xx 00 eng d
050 _aCD-ROM
_bK14 200?
100 _aKarch, Amy M.
245 _aFocus on nursing pharmacology /
_cAmy Karch.
260 _c200?.
942 _cAVM
999 _c276355
_d276355